| 000 | 03377nam2a2200373 i 4500 | ||
|---|---|---|---|
| 001 | RU\NLR\BIBL_A\011393849 | ||
| 005 | 20241103111401.0 | ||
| 010 | _a9785902424260 | ||
| 010 |
_a978-5-7968-0593-0 _9500 |
||
| 021 |
_aRU _b2017-31486 _92321 |
||
| 035 | _a(RuMoRGB)008871679 | ||
| 035 | _a(NLR Aleph) 011393849 | ||
| 090 |
_a11467156 _c11467156 |
||
| 100 | _a20170525d2016 km y0rusy50 ca | ||
| 101 | 0 |
_arus _deng |
|
| 102 | _aRU | ||
| 105 | _aab||z|||000zy | ||
| 200 | 1 |
_aФеномен Хаилинского землетрясения 1991 г. на юго-западе Корякского нагорья _dThe phenomen of the 1991 Khailinsy earthquake in the south-west of the Koryak Upland _zeng |
|
| 210 | _d2016 | ||
| 215 |
_a177 с. _cцв. ил., карт. |
||
| 300 | _aОбщ. загл. в кн. отсутствует. В вып. дан.: Продолжение монографий авт. "Поперечные дислокации активных окраин континентов Тихоокеанского рудного пояса", кн. 1, 2007. "Поперечные дислокации активных окраин континентов Тихоокеанскогорудного пояса: геофизические исследования", кн. 2 и 3 в одном переплете, 2014 | ||
| 300 | _aАвт. также на англ. яз.: Georgiy P.Yarotsky | ||
| 300 | _aРез. на англ. яз. | ||
| 320 | _aБиблиогр.: с. 165-173 (16 назв.) | ||
| 461 | 0 |
_1001RU\NLR\BIBL_A\011103310 _12001#$aПоперечные дислокации активных окраин континентов Тихоокеанского рудного пояса$dTransverse dislocations of active continental margins Pacific ore belt$eгеофизические исследования$e(Корякия - Камчатка - Сахалин - Япония)$eмонография$e(в 2 кн.)$fГ.П. Яроцкий$gРос. акад. наук, Дальневост. отд-ние, Секция геол.-минерал., геофиз. и гор. наук, Ин-т вулканологии и сейсмологии ДВО РАН, Лаб. геоэкологии [и др.]$zeng$vКн. 4 _1700#1$aЯроцкий$bГ. П.$gГеоргий Павлович$f1935-$3RU\NLR\AUTH\770157445 _911432288 _aЯроцкий, Г. П. (1935-) _cПетропавловск-Камчатский _d2014 _fГ.П. Яроцкий _lTransverse dislocations of active continental margins Pacific ore belt _nКамчатский государственный университет _oгеофизические исследования : (Корякия - Камчатка - Сахалин - Япония) : монография : (в 2 кн.) _tПоперечные дислокации активных окраин континентов Тихоокеанского рудного пояса _vКн. 4 |
|
| 510 | 1 |
_6z22790 _aThe phenomen of the 1991 Khailinsy earthquake in the south-west of the Koryak Upland _zeng |
|
| 606 |
_aХаилинское землетрясение _92328974 _3RU\NLR\AUTH\6601617167 |
||
| 686 | 1 | _aД217.9(2Р55) | |
| 790 | 1 |
_7ba _8rus _aJarockij _bG. P. _f1935- _gGeorgij Pavlovič _9157410 _3RU\NLR\AUTH\770157450 |
|
| 852 |
_aNLR _j2015-8/4023 |
||
| 942 | _cBOOK | ||
| 980 | _aNBR | ||